|
|
|
|
| LEADER |
00000ny a22000003n 4500 |
| 005 |
20110512110340.0 |
| 008 |
070206s19uu9999us qr p s 0 a0eng d |
| 022 |
|
|
|a 1533-0834
|
| 035 |
|
|
|a 3189
|
| 040 |
|
|
|a BUS
|d vLex
|
| 090 |
|
|
|c 1741
|d 1741
|
| 245 |
0 |
0 |
|a Human Rights and Human Welfare
|h [Recurso electrn̤ico]
|
| 256 |
|
|
|a Servicio en ln̕ea
|
| 260 |
|
|
|a Nueva York :
|b University of Denver
|
| 310 |
|
|
|a Trimestral
|
| 506 |
1 |
|
|a Contenido solo disponible en los productos indicados
|d vLex Global
|d vLex Global (Academic Edition, excluding Law Schools)
|d vLex Global (Academic Edition, Law Schools)
|
| 650 |
0 |
4 |
|a Derechos humanos
|x Publicaciones perid̤icas
|
| 740 |
|
|
|a vLex Revista (Servicios en ln̕ea)
|
| 843 |
|
|
|a Electrn̤ica. Cerrada.
|
| 853 |
|
|
|8 1
|i (year)
|j (month)
|k (day)
|
| 856 |
4 |
0 |
|z Acceso restringido
|u http://vlex.com/account/login_ip?fuente_id=3189
|
| 942 |
|
|
|c REV
|